000 00472nam a22001697a 4500
005 20251108172731.0
008 250721s2002 xx 000 0 ara d
082 1 4 _a398.9/خطا
100 1 _aخطاب، هشام
_eمؤلف
245 1 0 _aحكم وأمثال /
264 1 _aعمان :
_bدار عالم الثقافة،
_c2002.
300 _a120ص
650 1 7 _aالأدب الشعبي
650 1 7 _aالحكم (الأمثال)
942 _2ddc
_cBK
999 _c87166
_d87166